[Event "38th ECC Open 2023"]
[Site "Durres ALB"]
[Date "2023.10.06"]
[Round "6.7"]
[Board "2"]
[White "Petrov, Nikita"]
[Black "Pechac, Jergus"]
[Result "1/2-1/2"]
[WhiteTitle "GM"]
[BlackTitle "GM"]
[WhiteElo "2551"]
[BlackElo "2596"]
[WhiteTeam "Elektroprivreda"]
[BlackTeam "Sentimento Ajka BSK"]
[WhiteFideId "4101286"]
[BlackFideId "14926970"]
[EventDate "2023.10.01"]

1. d4 Nf6 2. c4 e6 3. Nf3 d5 4. g3 dxc4 5. Bg2 c6 6. O-O b5 7. Ne5 Bb7 8. b3
cxb3 9. Qxb3 Qxd4 10. Bf4 Nd5 11. Rd1 Qa4 12. Qd3 Be7 13. Nc3 Qa6 14. Nxd5 cxd5
15. e4 d4 16. Qb3 O-O 17. a4 b4 18. a5 Qb5 19. Bf1 Qe8 20. a6 Bxe4 21. Rxd4 Bc6
22. Rc1 Bb5 23. Bxb5 Qxb5 24. Rc7 Qe8 25. Qc4 b3 26. Rb7 Bf6 27. Rd6 b2 28. Rxb2
Bxe5 29. Bxe5 Nd7 30. Bd4 Rc8 31. Qa4 Nf6 32. Qxe8 Nxe8 33. Rd7 Rc1+ 34. Kg2 Nc7
35. Be3 Rc6 36. Rb7 Nxa6 37. Bxa7 Rc4 38. Be3 Nb8 39. Re7 Nc6 40. Rec7 Rb4 41.
Bb6 Ne5 42. h4 h5 43. Ba7 Rxb7 44. Rxb7 Rd8 45. Rb5 Rd5 46. Rb2 Kh7 47. Ra2 Kg6
48. Be3 Ng4 49. Ba7 Rd1 50. Bb8 Nf6 51. Ba7 Nd5 52. Bc5 Rc1 53. Bd4 Nb4 54. Ra5
f6 55. Be3 Rc2 56. Ra4 Nd5 57. Kf3 Kf5 58. Ra5 Rc4 59. Ra7 Rc7 60. Ra5 Rd7 61.
Rb5 e5 62. Ra5 Nc3 63. Rc5 Rd3 64. Ra5 Rd1 65. Ra7 Rg1 66. Bd2 Ne4 67. Be3 g6
68. Rc7 Nd6 69. Rc6 Nf7 70. Rc5 Nd8 71. Rc8 Nb7 72. Rc6 Rd1 73. Ke2 Rd5 74. Kf3
Nd6 75. Ra6 Nc4 76. Ra4 Nb2 77. Ra6 Nd3 78. Ra1 Rb5 79. Rd1 Rb2 80. Ra1 e4+ 81.
Kg2 Kg4 82. Ra4 f5 83. Ra6 Ne1+ 84. Kh2 g5 85. Rg6 Nf3+ 86. Kg2 f4 87. Bxf4 Ne1+
88. Kf1 Rb1 89. Ke2 Nf3 90. Rxg5+ Kh3 91. Bd2 Rb2 92. Rxh5 Rxd2+ 93. Ke3 Rd4 94.
Rh8 Ra4 95. Re8 Nh2 96. Rxe4 Ng4+ 97. Kf4 Rxe4+ 98. Kxe4 1/2-1/2

[Event "38th ECC Open 2023"]
[Site "Durres ALB"]
[Date "2023.10.06"]
[Round "6.7"]
[Board "3"]
[White "Banusz, Tamas"]
[Black "Draskovic, Luka"]
[Result "1-0"]
[WhiteTitle "GM"]
[BlackTitle "GM"]
[WhiteElo "2600"]
[BlackElo "2481"]
[WhiteTeam "Sentimento Ajka BSK"]
[BlackTeam "Elektroprivreda"]
[WhiteFideId "722413"]
[BlackFideId "944335"]
[EventDate "2023.10.01"]

1. d4 d6 2. Nf3 Nf6 3. Bf4 g6 4. c3 Bg7 5. h3 O-O 6. e3 Nc6 7. Be2 Nd7 8. O-O e5
9. Bh2 Qe7 10. c4 exd4 11. exd4 Qf6 12. Nc3 Nxd4 13. Nxd4 Qxd4 14. Nd5 c6 15.
Nc7 Rb8 16. Bxd6 Qxb2 17. Rb1 Qf6 18. Na6 Ra8 19. Bxf8 Bxf8 20. Bg4 Nb6 21. Bxc8
Rxc8 22. c5 Nd5 23. Rxb7 Nf4 24. Qf3 Re8 25. Kh1 Qd4 26. Rd1 Qc4 27. Qb3 Qxb3
28. axb3 Re2 29. Kg1 Ra2 30. Nb4 Rb2 31. Nd3 Nxd3 32. Rxd3 Bxc5 33. Rf3 f5 34.
Rd3 Bxf2+ 35. Kh2 1-0

[Event "38th ECC Open 2023"]
[Site "Durres ALB"]
[Date "2023.10.06"]
[Round "6.7"]
[Board "4"]
[White "Djurovic, Peko"]
[Black "Ivic, Velimir"]
[Result "1-0"]
[BlackTitle "GM"]
[WhiteElo "2327"]
[BlackElo "2562"]
[WhiteTeam "Elektroprivreda"]
[BlackTeam "Sentimento Ajka BSK"]
[WhiteFideId "16503902"]
[BlackFideId "950122"]
[EventDate "2023.10.01"]

1. e4 c5 2. Nf3 Nc6 3. Bb5 e6 4. c3 a6 5. Ba4 b5 6. Bc2 Bb7 7. O-O Nf6 8. d4
cxd4 9. e5 Nd5 10. cxd4 d6 11. exd6 Bxd6 12. Nc3 Ncb4 13. Bb3 Nxc3 14. bxc3 Nd5
15. Qd3 Rc8 16. Bd2 Qf6 17. a4 Nf4 18. Bxf4 Qxf4 19. d5 O-O 20. axb5 axb5 21.
Ra7 Rc7 22. g3 Qf6 23. Rxb7 Rxb7 24. dxe6 Rbb8 25. Qxd6 Qxf3 26. e7 Rfe8 27. Re1
Rbc8 28. Bd5 Qf6 29. Qd7 g6 30. Bb7 Qxc3 31. Re3 Qc1+ 32. Kg2 Rb8 33. Bc6 Qc5
34. Qxe8+ Rxe8 35. Bxe8 Qd5+ 36. Kf1 Qc4+ 37. Re2 Kg7 38. Bxb5 Qd5 39. Kg1 Qd1+
40. Kg2 Qd5+ 41. f3 1-0

[Event "38th ECC Open 2023"]
[Site "Durres ALB"]
[Date "2023.10.06"]
[Round "6.7"]
[Board "5"]
[White "Balog, Imre"]
[Black "Kisic, Bozidar"]
[Result "1-0"]
[WhiteTitle "GM"]
[BlackTitle "FM"]
[WhiteElo "2622"]
[BlackElo "2211"]
[WhiteTeam "Sentimento Ajka BSK"]
[BlackTeam "Elektroprivreda"]
[WhiteFideId "728446"]
[BlackFideId "16500350"]
[EventDate "2023.10.01"]

1. d4 d5 2. Nf3 e6 3. c4 c6 4. Qc2 f5 5. g3 Nf6 6. Bg2 Bd6 7. O-O O-O 8. Nc3 Qe7
9. Rb1 Ne4 10. b4 Nd7 11. b5 Nxc3 12. Qxc3 Nf6 13. Ne5 cxb5 14. Rxb5 Qc7 15. Ba3
Rd8 16. Bxd6 Rxd6 17. Rc1 Bd7 18. Rc5 Qd8 19. cxd5 Nxd5 20. Qb3 Bc6 21. Nxc6
bxc6 22. Qa4 Qg5 23. Rxc6 Rad8 24. e3 h5 25. Rxd6 Rxd6 26. Rc6 Nb6 27. Qxa7 Rxc6
28. Bxc6 Nc4 29. Qb8+ Kh7 30. Qb3 Nd2 31. Qc2 1-0

[Event "38th ECC Open 2023"]
[Site "Durres ALB"]
[Date "2023.10.06"]
[Round "6.7"]
[Board "6"]
[White "Miletic, Vuk"]
[Black "Korpa, Bence"]
[Result "0-1"]
[BlackTitle "GM"]
[WhiteElo "2190"]
[BlackElo "2522"]
[WhiteTeam "Elektroprivreda"]
[BlackTeam "Sentimento Ajka BSK"]
[WhiteFideId "16503406"]
[BlackFideId "706671"]
[EventDate "2023.10.01"]

1. d4 Nf6 2. Bf4 g6 3. Nc3 d5 4. e3 Bg7 5. h4 h5 6. Nf3 Bg4 7. Qd2 Bxf3 8. gxf3
c6 9. e4 e6 10. Bg5 Qc7 11. O-O-O Nbd7 12. Kb1 a6 13. Qe3 b5 14. Bh3 Nb6 15. Ne2
Nc4 16. Qd3 Nh7 17. Bf4 Qb6 18. Rhe1 O-O-O 19. exd5 cxd5 20. Nc1 Rhe8 21. Bg3
Kb7 22. Re2 a5 23. Be5 Bf8 24. Ree1 a4 25. b3 Rc8 26. Re2 Bb4 27. Bf4 Na3+ 28.
Kb2 Qa5 0-1

[Event "38th ECC Open 2023"]
[Site "Durres ALB"]
[Date "2023.10.06"]
[Round "6.8"]
[Board "1"]
[White "Koelle, Tobias"]
[Black "Yankelevich, Lev"]
[Result "1/2-1/2"]
[WhiteTitle "IM"]
[BlackTitle "GM"]
[WhiteElo "2454"]
[BlackElo "2399"]
[WhiteTeam "TSV Schoenaich"]
[BlackTeam "CE Le Cavalier Differdange"]
[WhiteFideId "16207378"]
[BlackFideId "24684074"]
[EventDate "2023.10.01"]

1. d4 Nf6 2. c4 e6 3. Nf3 d5 4. Nc3 Bb4 5. Bg5 h6 6. Bxf6 Qxf6 7. Qa4+ Nc6 8. e3
O-O 9. Rc1 Qg6 10. Qc2 Qxc2 11. Rxc2 Rd8 12. a3 Bf8 13. Nb5 Bd7 14. cxd5 exd5
15. Bd3 Rac8 16. Ke2 a6 17. Nc3 Ne7 18. Rhc1 Be8 19. Na2 c6 20. Nc3 Ra8 21. g4
Nc8 22. h4 f6 23. h5 Nd6 24. Nh4 Nc4 25. Nb1 b5 26. Bg6 Bd7 27. Bf5 Be8 28. Be6+
Kh7 29. Bf5+ Kg8 30. Be6+ Kh7 31. f3 a5 32. Bf5+ Kg8 33. Be6+ Kh7 34. Bf5+ Kg8
35. Be6+ Kh7 36. Bf5+ 1/2-1/2

[Event "38th ECC Open 2023"]
[Site "Durres ALB"]
[Date "2023.10.06"]
[Round "6.8"]
[Board "2"]
[White "Salles, Louis"]
[Black "Deuer, Marius"]
[Result "0-1"]
[WhiteTitle "FM"]
[BlackTitle "FM"]
[WhiteElo "2318"]
[BlackElo "2462"]
[WhiteTeam "CE Le Cavalier Differdange"]
[BlackTeam "TSV Schoenaich"]
[WhiteFideId "20641826"]
[BlackFideId "16236432"]
[EventDate "2023.10.01"]

1. e4 c6 2. d4 d5 3. exd5 cxd5 4. Nf3 Nc6 5. Bb5 e6 6. Ne5 Bd7 7. Nxd7 Qxd7 8.
c3 Bd6 9. Nd2 Nge7 10. O-O O-O 11. Re1 Rae8 12. Qg4 Nf5 13. Nf3 f6 14. Bd3 g6
15. Bd2 Ng7 16. Re2 g5 17. Bxg5 fxg5 18. Nxg5 h5 19. Qh3 Rf6 20. g3 Rh6 21. Rae1
Qe7 22. f4 Qf6 23. Bc2 h4 24. Qg4 Kh8 25. Bb3 Rg8 26. Bc2 Nd8 27. Kg2 Nh5 28.
Kf3 hxg3 29. hxg3 Nf7 30. Kg2 Nxg5 31. fxg5 Rxg5 0-1

[Event "38th ECC Open 2023"]
[Site "Durres ALB"]
[Date "2023.10.06"]
[Round "6.8"]
[Board "3"]
[White "Kocharin, Timur"]
[Black "Cahen, Alexis"]
[Result "1-0"]
[WhiteElo "2181"]
[BlackElo "2049"]
[WhiteTeam "TSV Schoenaich"]
[BlackTeam "CE Le Cavalier Differdange"]
[WhiteFideId "16240936"]
[BlackFideId "26076918"]
[EventDate "2023.10.01"]

1. c4 Nf6 2. Nc3 e6 3. Nf3 d5 4. d4 b6 5. cxd5 exd5 6. Bg5 Be7 7. Qc2 Bb7 8. e3
O-O 9. Rd1 Nbd7 10. Be2 c5 11. O-O Rc8 12. Ne5 cxd4 13. Nxd7 Qxd7 14. Rxd4 Ne4
15. Qxe4 Bxg5 16. Nxd5 Rfe8 17. Qd3 Qc6 18. Bg4 Rcd8 19. Bf3 Qc8 20. Rd1 Bxd5
21. Rxd5 Rxd5 22. Bxd5 Bf6 23. b3 g6 24. g3 Kg7 25. Rd2 Re7 26. Bc4 Qh3 27. Qd5
h5 28. Bf1 Qg4 29. h3 Qc8 30. h4 Qc1 31. Kg2 Re5 32. Qd7 Re7 33. Qd6 Re6 34. Qd3
Rc6 35. Qe2 Qa1 36. Rd1 Rc1 37. Rd7 a5 38. Qd3 Qe5 39. Rb7 Qc5 40. Qd7 Qf8 41.
Bc4 Kh6 42. Bxf7 Be5 43. Qe6 Qd6 44. Rxb6 Qxe6 45. Rxe6 Bc3 46. Rxg6+ Kh7 47.
Rc6 1-0

[Event "38th ECC Open 2023"]
[Site "Durres ALB"]
[Date "2023.10.06"]
[Round "6.8"]
[Board "4"]
[White "Gengler, Pierre"]
[Black "Keilhack, Harald"]
[Result "1-0"]
[BlackTitle "FM"]
[WhiteElo "2130"]
[BlackElo "2233"]
[WhiteTeam "CE Le Cavalier Differdange"]
[BlackTeam "TSV Schoenaich"]
[WhiteFideId "4000714"]
[BlackFideId "4601904"]
[EventDate "2023.10.01"]

1. e4 c5 2. Nf3 e6 3. d4 cxd4 4. Nxd4 Nf6 5. Nc3 d6 6. g3 Nc6 7. Bg2 Bd7 8. O-O
Be7 9. Ndb5 Qb8 10. Bf4 Ne5 11. Bg5 O-O 12. h3 a6 13. Bxf6 Bxf6 14. Nd4 Qc7 15.
Nce2 Rac8 16. Rc1 b5 17. b3 Rfd8 18. f4 Nc6 19. Kh2 Nxd4 20. Nxd4 Qc3 21. Ne2
Qc5 22. c3 a5 23. Rf3 Bc6 24. Rd3 Ba8 25. Rc2 Be7 26. Rcd2 Re8 27. Nd4 g6 28.
Ne2 Bf8 29. g4 Qf2 30. Rf3 Qc5 31. Ng3 Rcd8 32. Rfd3 e5 33. f5 Bh6 34. Nh5 Bf4+
35. Nxf4 exf4 36. Re2 Qe5 37. Bf3 Kg7 38. Qe1 Rc8 39. g5 f6 40. gxf6+ Qxf6 41.
Qd2 d5 42. exd5 Qxf5 43. Bg4 Qf7 44. Bxc8 Rxc8 45. d6 Kh6 46. Re7 Qf6 47. d7 Rd8
48. Re8 1-0

[Event "38th ECC Open 2023"]
[Site "Durres ALB"]
[Date "2023.10.06"]
[Round "6.8"]
[Board "5"]
[White "Reck, Moritz"]
[Black "Barthel, Ansgar"]
[Result "0-1"]
[WhiteElo "2071"]
[BlackElo "2056"]
[WhiteTeam "TSV Schoenaich"]
[BlackTeam "CE Le Cavalier Differdange"]
[WhiteFideId "24647748"]
[BlackFideId "4643461"]
[EventDate "2023.10.01"]

1. e4 Nf6 2. e5 Nd5 3. d4 d6 4. c4 Nb6 5. f4 dxe5 6. fxe5 Nc6 7. Be3 Bf5 8. Nc3
e6 9. Nf3 Bb4 10. Be2 Na5 11. O-O Naxc4 12. Bg5 Qd7 13. Qb3 Bxc3 14. Qxc3 Qd5
15. Qb4 f6 16. exf6 Nd6 17. fxg7 Rg8 18. Rac1 Rxg7 19. Rc5 a5 20. Qa3 Qe4 21.
Rxc7 Rxc7 22. Qxd6 Qxe2 23. Qxc7 Nd5 24. Ne5 Nxc7 0-1

[Event "38th ECC Open 2023"]
[Site "Durres ALB"]
[Date "2023.10.06"]
[Round "6.8"]
[Board "6"]
[White "Jacques, Robert"]
[Black "Stukenbrok, Nils"]
[Result "1-0"]
[WhiteElo "2041"]
[BlackElo "2064"]
[WhiteTeam "CE Le Cavalier Differdange"]
[BlackTeam "TSV Schoenaich"]
[WhiteFideId "603643"]
[BlackFideId "1271862"]
[EventDate "2023.10.01"]

1. Nf3 Nf6 2. d3 d5 3. Nbd2 c5 4. e4 e6 5. g3 Nc6 6. Bg2 Be7 7. O-O b6 8. Re1
Bb7 9. e5 Nd7 10. c3 Qc7 11. Qe2 g5 12. g4 O-O-O 13. Nf1 Rdg8 14. a3 h5 15. h3
hxg4 16. hxg4 Rh6 17. d4 Na5 18. dxc5 bxc5 19. N1d2 c4 20. Rb1 Nc5 21. Nd4 Nd3
22. b4 Nxe1 23. Qxe1 Nc6 24. N2f3 Nxd4 25. Nxd4 Rh4 26. Qe2 Kd7 27. Bd2 Rgh8 28.
Re1 f6 29. f4 fxe5 30. fxe5 Rf8 31. Bf3 Rh7 32. Rf1 Rhf7 33. Be1 a5 34. Bg3 axb4
35. axb4 Ra8 36. Qc2 Rg8 37. Qa4+ Kc8 38. Nxe6 Qd7 39. Qxd7+ Kxd7 40. Nd4 Rff8
41. e6+ Kc8 42. Nf5 Re8 43. Re1 Rg6 44. Kf2 Kd8 45. Nd4 Bf8 46. Rh1 Bg7 47. Rh7
Rh8 48. Rxg7 Rxg7 49. Be5 Rgh7 50. Bf6+ Kc7 51. Bxg5 Re8 52. Bf4+ Kb6 53. g5
Rhe7 54. Be5 Rxe6 55. Nxe6 Rxe6 56. Bd4+ Kc7 57. Bh5 Bc6 58. g6 Re8 59. g7 Ra8
60. Bf7 Kd7 1-0

[Event "38th ECC Open 2023"]
[Site "Durres ALB"]
[Date "2023.10.06"]
[Round "6.9"]
[Board "1"]
[White "Vocaturo, Daniele"]
[Black "Dardha, Daniel"]
[Result "1/2-1/2"]
[WhiteTitle "GM"]
[BlackTitle "GM"]
[WhiteElo "2625"]
[BlackElo "2580"]
[WhiteTeam "Obiettivo Risarcimento Padova"]
[BlackTeam "C' Chartres Echecs"]
[WhiteFideId "813192"]
[BlackFideId "240990"]
[EventDate "2023.10.01"]

1. e4 e5 2. Nf3 Nc6 3. Bb5 Nf6 4. d3 Bc5 5. Nbd2 O-O 6. Nb3 Bb6 7. Bxc6 bxc6 8.
Nxe5 d5 9. O-O dxe4 10. a4 Qe8 11. d4 a5 12. Re1 c5 13. dxc5 Qxe5 14. cxb6 cxb6
15. Qd2 Be6 16. Qg5 Qxg5 17. Bxg5 Bxb3 18. cxb3 Rfe8 19. Rad1 Rac8 20. Kf1 h6
21. Bxf6 gxf6 22. Rd6 Kg7 23. g4 h5 24. gxh5 Rc2 25. h6+ Kxh6 26. Rxf6+ Kg7 27.
Rxb6 Rxb2 28. Re3 f5 29. Rg3+ Kf7 30. Rgg6 Rc8 31. Rgf6+ Kg7 32. Rxf5 e3 33. Re6
Rc1+ 34. Kg2 Re1 35. Re4 exf2 36. Rg4+ Kh6 37. Rxf2 Rxb3 38. Rgf4 Ra1 39. Rc4
Rb4 40. Rc6+ Kg5 41. Rc5+ 1/2-1/2

[Event "38th ECC Open 2023"]
[Site "Durres ALB"]
[Date "2023.10.06"]
[Round "6.9"]
[Board "2"]
[White "Lagarde, Maxime"]
[Black "Dvirnyy, Danyyil"]
[Result "1/2-1/2"]
[WhiteTitle "GM"]
[BlackTitle "GM"]
[WhiteElo "2626"]
[BlackElo "2500"]
[WhiteTeam "C' Chartres Echecs"]
[BlackTeam "Obiettivo Risarcimento Padova"]
[WhiteFideId "662399"]
[BlackFideId "817570"]
[EventDate "2023.10.01"]

1. c4 e6 2. Nc3 d5 3. d4 Nf6 4. cxd5 exd5 5. Bg5 c6 6. e3 Bf5 7. Qf3 Bg6 8. Bxf6
Qxf6 9. Qxf6 gxf6 10. Kd2 Nd7 11. Nf3 Nb6 12. b3 Nc8 13. Nh4 Nd6 14. Bd3 f5 15.
f3 Be7 16. g3 Bxh4 17. gxh4 f4 18. e4 dxe4 19. fxe4 f5 20. exf5 Bxf5 21. Rhf1
O-O 22. Rf3 Bxd3 23. Kxd3 Rae8 24. Rg1+ Kh8 25. Rgf1 Kg7 26. Rxf4 Rxf4 27. Rxf4
Re1 28. d5 cxd5 29. Rd4 Kf6 30. Rxd5 Nf7 31. Kd4 Ke6 32. Ra5 Ne5 33. Rc5 Nc6+
34. Kd3 Ne5+ 35. Kd4 Nc6+ 36. Kd3 Ne5+ 37. Kd4 1/2-1/2

[Event "38th ECC Open 2023"]
[Site "Durres ALB"]
[Date "2023.10.06"]
[Round "6.9"]
[Board "3"]
[White "Carnicelli, Valerio"]
[Black "Droin, Augustin"]
[Result "1/2-1/2"]
[WhiteTitle "FM"]
[BlackTitle "IM"]
[WhiteElo "2403"]
[BlackElo "2468"]
[WhiteTeam "Obiettivo Risarcimento Padova"]
[BlackTeam "C' Chartres Echecs"]
[WhiteFideId "856185"]
[BlackFideId "45105987"]
[EventDate "2023.10.01"]

1. e4 e5 2. Nf3 Nc6 3. Bc4 Nf6 4. d3 Bc5 5. c3 d6 6. O-O h6 7. Re1 a6 8. a4 Ba7
9. Nbd2 g5 10. b4 Nh7 11. Nf1 g4 12. N3d2 h5 13. Ne3 Qf6 14. Nd5 Bxf2+ 15. Kf1
Qh4 16. Nxc7+ Kd8 17. Nxa8 Ba7 18. d4 exd4 19. Kg1 d3+ 20. Kh1 Bf2 21. Nf1 Bxe1
22. g3 Qf6 23. Qxe1 Ne5 24. Nb6 Be6 25. Bf4 Nxc4 26. Nxc4 Bxc4 27. Qe3 Kd7 28.
Qb6 Rc8 29. Nd2 Qxc3 30. Rf1 Be6 31. Qxb7+ Rc7 32. Qxa6 Qxb4 33. Rb1 Qd4 34.
Qb5+ 1/2-1/2

[Event "38th ECC Open 2023"]
[Site "Durres ALB"]
[Date "2023.10.06"]
[Round "6.9"]
[Board "4"]
[White "Razafindratsima, Timothe"]
[Black "Boraso, Alessio"]
[Result "1-0"]
[WhiteTitle "IM"]
[BlackTitle "FM"]
[WhiteElo "2459"]
[BlackElo "2258"]
[WhiteTeam "C' Chartres Echecs"]
[BlackTeam "Obiettivo Risarcimento Padova"]
[WhiteFideId "36069884"]
[BlackFideId "848077"]
[EventDate "2023.10.01"]

1. e4 d5 2. d4 e6 3. e5 c5 4. c3 Nc6 5. Nf3 Bd7 6. Be2 Nge7 7. Na3 cxd4 8. cxd4
Nf5 9. Nc2 Qa5+ 10. Kf1 Be7 11. h4 h5 12. g3 Qb6 13. Bd3 a5 14. Kg2 Nb4 15. Nxb4
axb4 16. Bxf5 exf5 17. Bg5 Bxg5 18. Nxg5 Rc8 19. Re1 Rc4 20. Qf3 Be6 21. Rad1 g6
22. Qe3 Kd7 23. Nh3 Rhc8 24. Nf4 Ke8 25. a3 R8c6 26. Rd3 bxa3 27. bxa3 Qa5 28.
Rb1 b6 29. Rbd1 Qa4 30. Ne2 Rc2 31. R1d2 Rxd2 32. Rxd2 Qc4 33. Rb2 Bc8 34. Qh6
Ba6 35. Qh8+ Ke7 36. Qb8 Qd3 37. Kh2 Qxa3 38. Qa7+ Kf8 39. Rd2 Qa5 40. Rb2 Qa3
41. Rd2 Qa5 42. Rb2 Bxe2 43. Qb8+ Kg7 44. Rxe2 Qb5 45. Ra2 Qf1 46. Qd8 f4 47.
gxf4 Qc1 48. Qg5 b5 49. Qg3 Qb1 50. Ra7 Rc1 51. Qf3 Qf5 52. Qe3 Qb1 53. Qf3 Qf5
54. Re7 Re1 55. Kg2 Re4 56. Qh3 Qxh3+ 57. Kxh3 Kf8 58. Rd7 Rxd4 59. Kg3 Rd3+ 60.
f3 b4 61. f5 gxf5 62. Kf4 b3 63. Kg5 Ke8 64. Rb7 Rc3 65. Kf6 d4 66. Rxf7 Rc6+
67. e6 d3 68. Rh7 Kd8 69. Rd7+ Ke8 70. Rxd3 Rb6 71. Rc3 Rb8 72. Rc1 b2 73. Rg1
Kd8 74. e7+ Kc7 75. Kf7 Kd6 76. e8=Q Rxe8 77. Kxe8 Ke5 78. Kf7 f4 79. Rb1 1-0

[Event "38th ECC Open 2023"]
[Site "Durres ALB"]
[Date "2023.10.06"]
[Round "6.9"]
[Board "5"]
[White "Massironi, Marco"]
[Black "Guliyev, Namig"]
[Result "1/2-1/2"]
[BlackTitle "GM"]
[WhiteElo "2144"]
[BlackElo "2531"]
[WhiteTeam "Obiettivo Risarcimento Padova"]
[BlackTeam "C' Chartres Echecs"]
[WhiteFideId "814369"]
[BlackFideId "13400363"]
[EventDate "2023.10.01"]

1. e4 c5 2. Nf3 d6 3. d4 cxd4 4. Nxd4 Nf6 5. Nc3 a6 6. Bg5 Nbd7 7. a3 h6 8. Bxf6
Nxf6 9. Bc4 e5 10. Nf5 Be6 11. Qd3 Rc8 12. Ne3 Be7 13. O-O O-O 14. Ncd5 Nd7 15.
Nxe7+ Qxe7 16. Bxe6 fxe6 17. Rad1 Rc6 18. b4 Rfc8 19. c4 Nf6 20. a4 Ne8 21. Rd2
a5 22. bxa5 Ra6 23. Rb1 Rxa5 24. Qb3 Rc7 25. g3 Kh8 26. Kg2 Nf6 27. Qb4 Ra6 28.
f3 Nd7 29. a5 Nc5 30. Qc3 Rc8 31. Rb5 Rca8 32. Ng4 Qc7 33. Nf2 Rxa5 34. Rxa5
Rxa5 35. Rxd6 Ra2 36. Rd2 Na4 37. Qd3 Rxd2 38. Qxd2 Qxc4 39. Qd8+ Kh7 40. Qe8
Nc5 41. h4 Qd4 42. h5 Qd7 43. Qb8 Qd2 44. Qe8 Qg5 45. Qb5 Qe7 46. Ng4 Qd6 47.
Qe8 Qd2+ 48. Nf2 Qd7 49. Qb8 b5 50. Qxe5 Na4 51. Qb8 Nb2 52. e5 Nc4 53. Ne4 Qd5
54. Qe8 Nxe5 55. Qe7 Nd7 56. Qf7 b4 57. g4 b3 58. g5 hxg5 59. Qg6+ Kg8 60. h6
Qe5 61. h7+ Kh8 62. Nxg5 Qe2+ 63. Kg3 Qe1+ 64. Kg2 Qe2+ 65. Kg3 Qe1+ 1/2-1/2

[Event "38th ECC Open 2023"]
[Site "Durres ALB"]
[Date "2023.10.06"]
[Round "6.9"]
[Board "6"]
[White "Nebolsina, Vera"]
[Black "Quaranta, Cristiano"]
[Result "1-0"]
[WhiteTitle "WGM"]
[WhiteElo "2209"]
[BlackElo "2079"]
[WhiteTeam "C' Chartres Echecs"]
[BlackTeam "Obiettivo Risarcimento Padova"]
[WhiteFideId "4163591"]
[BlackFideId "815810"]
[EventDate "2023.10.01"]

1. e4 c5 2. Nf3 e6 3. c3 d5 4. Bd3 Nf6 5. e5 Nfd7 6. O-O Nc6 7. Re1 Qc7 8. Qe2
g6 9. Bc2 Bg7 10. d4 O-O 11. Bf4 Qb6 12. Na3 cxd4 13. Rab1 a6 14. c4 dxc4 15.
Nxc4 Qc5 16. Rbc1 Nb6 17. Nd6 Qb4 18. Bd2 Qxb2 19. Bb3 d3 20. Qe3 Nxe5 21. Nxe5
Bxe5 22. Qxe5 Qxd2 23. Ne4 Qh6 24. Nf6+ Kh8 25. Rc3 d2 26. Rd1 Qg7 27. Rxd2 Nd5
28. Bxd5 exd5 29. g4 d4 30. Rh3 h6 31. Qg5 h5 32. Rxh5+ 1-0

[Event "38th ECC Open 2023"]
[Site "Durres ALB"]
[Date "2023.10.06"]
[Round "6.10"]
[Board "1"]
[White "Ten Hertog, Hugo"]
[Black "Smeets, Jan"]
[Result "1-0"]
[WhiteTitle "GM"]
[BlackTitle "GM"]
[WhiteElo "2525"]
[BlackElo "2548"]
[WhiteTeam "Paul Keres 1"]
[BlackTeam "LSG Leiden"]
[WhiteFideId "1026356"]
[BlackFideId "1007246"]
[EventDate "2023.10.01"]

1. Nf3 d5 2. g3 Nf6 3. Bg2 e6 4. O-O b5 5. d3 Bb7 6. c4 a6 7. cxd5 exd5 8. Nbd2
c5 9. Nb3 Be7 10. Nh4 g6 11. Bh6 Nbd7 12. e4 dxe4 13. dxe4 c4 14. e5 Ne4 15. Qe2
Ndc5 16. Nxc5 Nxc5 17. Bxb7 Nxb7 18. e6 Nc5 19. Rad1 Nd3 20. exf7+ Kxf7 21. Rfe1
Qd6 22. Qf3+ Bf6 23. Bf4 Qc5 24. b4 Qb6 25. Qd5+ Kg7 26. Qd7+ Kg8 27. Rxd3 cxd3
28. Bh6 1-0

[Event "38th ECC Open 2023"]
[Site "Durres ALB"]
[Date "2023.10.06"]
[Round "6.10"]
[Board "2"]
[White "Swinkels, Robin"]
[Black "Lombaers, Peter"]
[Result "1-0"]
[WhiteTitle "GM"]
[BlackTitle "FM"]
[WhiteElo "2515"]
[BlackElo "2359"]
[WhiteTeam "LSG Leiden"]
[BlackTeam "Paul Keres 1"]
[WhiteFideId "1010824"]
[BlackFideId "1032852"]
[EventDate "2023.10.01"]

1. d4 d5 2. c4 c6 3. Nf3 Nf6 4. g3 Bf5 5. Nc3 e6 6. Qb3 Qb6 7. c5 Qxb3 8. axb3
Be7 9. Bf4 O-O 10. h3 h6 11. g4 Bh7 12. e3 Ne4 13. Rg1 g5 14. Bh2 Nd7 15. b4 a6
16. h4 a5 17. bxa5 Bd8 18. a6 Nxc3 19. bxc3 bxa6 20. hxg5 hxg5 21. Rxa6 Ba5 22.
Kd2 Nf6 23. Nxg5 Ne4+ 24. Nxe4 Bxe4 25. Bd6 Rxa6 26. Bxa6 Ra8 27. Bb7 Ra7 28.
Bxc6 Bd8 29. Rc1 Ra2+ 30. Ke1 Bh4 31. Bg3 Bxg3 32. fxg3 Kf8 33. Bb5 Ke7 34. Be2
f6 35. c4 Kd7 36. cxd5 exd5 37. Rc3 Bc2 38. Bd3 Ra1+ 39. Kd2 Bxd3 40. Kxd3 Rg1
41. Rb3 1-0

[Event "38th ECC Open 2023"]
[Site "Durres ALB"]
[Date "2023.10.06"]
[Round "6.10"]
[Board "3"]
[White "Kerigan, Demre"]
[Black "Pijpers, Arthur"]
[Result "1/2-1/2"]
[WhiteTitle "IM"]
[BlackTitle "IM"]
[WhiteElo "2360"]
[BlackElo "2433"]
[WhiteTeam "Paul Keres 1"]
[BlackTeam "LSG Leiden"]
[WhiteFideId "6307841"]
[BlackFideId "1019554"]
[EventDate "2023.10.01"]

1. Nf3 d5 2. g3 Nc6 3. Bg2 e5 4. d3 Be6 5. O-O f6 6. c3 Qd7 7. b4 h5 8. h4 g5 9.
e4 dxe4 10. dxe4 Qxd1 11. Rxd1 g4 12. Ne1 a5 13. b5 Na7 14. Bf1 Nc8 15. Nc2 Nd6
16. Nd2 O-O-O 17. Ba3 Rh7 18. Bxd6 Bxd6 19. Bc4 Bxc4 20. Nxc4 b6 21. Nxd6+ Rxd6
22. Rxd6 cxd6 23. Ne3 Ne7 24. Nc4 Kc7 25. Rd1 Nc8 26. Ne3 Kd7 27. f3 gxf3 28.
Kf2 Ke6 29. Kxf3 Ne7 30. Nc4 Nc8 31. Ne3 Ne7 32. Nc4 Nc8 33. Ne3 1/2-1/2